Leyes sobre símbolos patrios : (Registro nro. 13797)

Detalles MARC
000 -LEADER
fixed length control field 01318nam a22002177a 4500
003 - CONTROL NUMBER IDENTIFIER
control field OSt
005 - DATE AND TIME OF LATEST TRANSACTION
control field 20211018121230.0
008 - FIXED-LENGTH DATA ELEMENTS--GENERAL INFORMATION
fixed length control field 180817s2020 dr grl 000 0 spaspa
020 ## - INTERNATIONAL STANDARD BOOK NUMBER
International Standard Book Number 9789945610345
040 ## - CATALOGING SOURCE
Original cataloging agency DO-SdBNP
Language of cataloging spa
Transcribing agency BPMSU
082 ## - DEWEY DECIMAL CLASSIFICATION NUMBER
Classification number 340
Item number R426l 2020
Edition number 22
110 2# - MAIN ENTRY--CORPORATE NAME
Corporate name or jurisdiction name as entry element República Dominicana :
Subordinate unit Tribunal constitucional
245 10 - TITLE STATEMENT
Title Leyes sobre símbolos patrios :
Remainder of title ley 210-19: que regula el uso de los símbolos patrios de la República Dominicana : ley no. 193-19 dispone que las imágenes de los patricios Juan Pablo Duarte, Francisco del Rosario Sánchez Ramón Matías Mella sean colocados en todas las instituciones públicas del país
246 13 - VARYING FORM OF TITLE
Title proper/short title Leyes sobre símbolos patrios :
Remainder of title Ley 193-19 dispone que las imágenes de los patricios Juan Pablo Duarte, Francisco del Rosario Sánchez Ramón Matías Mella sean colocados en todas las instituciones públicas del país
260 ## - PUBLICATION, DISTRIBUTION, ETC. (IMPRINT)
Place of publication, distribution, etc. Santo Domingo :
Name of publisher, distributor, etc. Tribunal Constitucional,
Date of publication, distribution, etc. 2020.
300 ## - PHYSICAL DESCRIPTION
Extent 43 p. ;
Dimensions 23 cm.
500 ## - GENERAL NOTE
General note Ley No. 193-19 dispone que las imágenes de los patricios Juan Pablo Duarte, Francisco del Rosario Sánchez y Ramón Matías Mella sean colocadas en todas las instituciones públicas del país. G. O. No. 10945 del 24 de junio de 2019.
590 ## - LOCAL NOTE (RLIN)
Local note Inventariado, 2021VM
910 ## - USER-OPTION DATA (OCLC)
User-option data VMateo V.
942 ## - ADDED ENTRY ELEMENTS (KOHA)
Source of classification or shelving scheme Dewey Decimal Classification
Koha item type Libros

No hay ítems disponibles.